000 00414nam a2200181Ia 4500
008 170918s9999 xx 000 0 und d
020 _a571212964
050 _bF847sp 2002
100 _aFrayn, Michael
245 _aSpies /
245 _cby Michael Frayn.
260 _aLondon :
260 _bFaber and Faber,
260 _c2002
300 _a234 pages :
300 _billustrations ;
300 _c19cm.
999 _c343967
_d343967